000 01599cam a22004217a 4500
003 CHAP
005 20220329142438.0
008 010223d2000 mx a r 00110 esp d
010 _a83594
011 _a84566
020 _a9701857887
035 _a95087
040 _cCHAP
090 _aFolleto 16159
100 0 0 _aMurillo Amador, Bernardo.
_979747
245 1 3 _aEl frijol yorimón :
_bleguminosa tolerante a sequía y salinidad
_c/por Bernardo Murillo Amador, (y otros).
260 _aLa Paz, B.C.S. :
_bCentro de Investigaciones Biológicas del Noroeste S.C.,
_c2000.
300 _a28 p. :
_bilus.
490 0 _aPrograma de agricultura en zonas áridas
490 0 _aPublicación para la transferencia y divulgación
_v; v.2
500 _aEn bodega c.4
590 _aBATCH-UPD
_b10
_c20130110
_lUCH01
_h0533
590 _aBATCH-UPD
_b10
_c20130110
_lUCH01
_h2259
590 _aBATCH-UPD
_b10
_c20130410
_lUCH01
_h0213
590 _aBATCH-UPD
_b10
_c20130914
_lUCH01
_h1443
590 _aCONVERSION
_b10
_c20130109
_lUCH01
_h1346
650 1 4 _aFrijol
_xEfecto de la sal.
_943362
650 1 4 _aFrijol
_xResistencia a sequía.
_943430
650 1 4 _aLeguminosas
_xEfecto del medio ambiente.
_965820
830 0 0 _aPrograma de agricultura en zonas áridas
_992283
830 0 0 _aPublicación para la transferencia y divulgación
_v; v.2
_992776
901 _aBK
905 _aEdna Luz
942 _cFOLL
949 _aFolleto 16159
_bBC
_cFOLL
_d950871
_eTS1
_i95087
_sb
949 _aFolleto 16159
_bBC
_cFOLL
_d950872
_eTS2
_fc.2
_i95087
_sb
949 _aFolleto 16159
_bBC
_cFOLL
_d950873
_eTS2
_fc.3
_i95087
_sb
999 _c83594
_d83594